MARC

LEADER 00000nam0a2200000 4500
001 71237
005 20231031082437.0
010 |a 5238005687 
035 |a (RuTPU)RU\TPU\book\75843 
090 |a 71237 
100 |a 20041211d2003 m y0rusy50 ca 
101 0 |a rus 
102 |a RU 
105 |a a j 001zy 
200 1 |a Защита информационных ресурсов государственного управления  |e учебное пособие для вузов  |f А. С. Гринберг, Н. Н. Горбачев, А. А. Тепляков 
210 |a Москва  |c ЮНИТИ-ДАНА  |d 2003 
215 |a 327 с.  |c ил. 
225 1 |a Информатика 
320 |a Библиогр.: с. 266-268. 
610 1 |a информатика 
610 1 |a информационные ресурсы 
610 1 |a защита 
610 1 |a информация 
610 1 |a информационная безопасность 
610 1 |a технологии 
610 1 |a оценка 
610 1 |a экономика 
610 1 |a учебные пособия 
675 |a 681.3.067(075.8)  |v 3 
700 1 |a Гринберг  |b А. С.  |g Анатолий Соломонович 
701 1 |a Горбачев  |b Н. Н.  |g Николай Николаевич 
701 1 |a Тепляков  |b А. А.  |g Анатолий Адамович 
801 1 |a RU  |b 63413507  |c 20041211  |g PSBO 
801 2 |a RU  |b 63413507  |c 20090729  |g PSBO 
900 |a Информатика 
900 |a Государственное и муниципальное управление 
942 |c BK 
951 |a 510200  |b 061000